| 000 | 00695nam a2200217Ia 4500 | ||
|---|---|---|---|
| 008 | 160114s9999 xx 000 0 und d | ||
| 020 | _a1560060352 | ||
| 050 | _a920 | ||
| 050 | _b.N736b 1992 | ||
| 100 | _aBarr, Roger. | ||
| 245 | 4 |
_aThe Importance of Richard Nixon / _cRoger Barr. |
|
| 260 |
_aCalifornia _bLucent Books, Inc., _c1992 |
||
| 300 |
_a112 pages; _bill. ; _c24 cm. |
||
| 440 | _aThe Importance of | ||
| 650 | _aNixon, Richard M. (Richard Milhous), 1913-1994-- | ||
| 650 | _aNixon, Richard M. (Richard Milhous), 1913-1994. | ||
| 650 | _aPresidents. | ||
| 650 | _aPresidents--United States--Biography-- | ||
| 650 | _xJuvenile literature. | ||
| 650 | _xJuvenile literature. | ||
| 999 |
_c290282 _d290282 |
||